<?xml version="1.0" encoding="UTF-8"?>
<collection xmlns="http://www.loc.gov/MARC21/slim">
 <record>
  <leader>06252nam a2200361 a 4500</leader>
  <controlfield tag="001">kal4801</controlfield>
  <controlfield tag="003">Gr-AtHEAL</controlfield>
  <controlfield tag="005">20160425153846.0</controlfield>
  <controlfield tag="006">m        d        </controlfield>
  <controlfield tag="008">160413s2015    gr      s           gre|c</controlfield>
  <datafield tag="020" ind1=" " ind2=" ">
   <subfield code="a">9789606033971</subfield>
  </datafield>
  <datafield tag="040" ind1=" " ind2=" ">
   <subfield code="a">GR-AtHEAL</subfield>
   <subfield code="b">gre</subfield>
   <subfield code="c">GR-AtHEAL</subfield>
  </datafield>
  <datafield tag="082" ind1="0" ind2="4">
   <subfield code="a">658.4</subfield>
   <subfield code="2">23</subfield>
  </datafield>
  <datafield tag="100" ind1="1" ind2=" ">
   <subfield code="a">Ασπρίδης, Γεώργιος.</subfield>
   <subfield code="8">1038</subfield>
  </datafield>
  <datafield tag="245" ind1="1" ind2="0">
   <subfield code="a">Εταιρική κοινωνική ευθύνη - Η όψη του ανθρώπινου παράγοντα στην επιχείρηση</subfield>
   <subfield code="h">[Ηλεκτρονικός πόρος] </subfield>
   <subfield code="c">Ασπρίδης, Γεώργιος ; Κριτικός αναγνώστης,Καζαντζή, Βασιλική ; Τεχνική επιμέλεια,Ζήνας, Νικόλαος ; Γλωσσική επιμέλεια,Δεμέστιχα, Αικατερίνη.</subfield>
  </datafield>
  <datafield tag="260" ind1=" " ind2=" ">
   <subfield code="a">Αθήνα :</subfield>
   <subfield code="b">Σύνδεσμος Ελληνικών Ακαδημαϊκών Βιβλιοθηκών,</subfield>
   <subfield code="c">c2015.</subfield>
  </datafield>
  <datafield tag="490" ind1=" " ind2=" ">
   <subfield code="a">Ακαδημαϊκά Ηλεκτρονικά Συγγράμματα και Βοηθήματα Κάλλιπος</subfield>
   <subfield code="8">40</subfield>
  </datafield>
  <datafield tag="520" ind1=" " ind2=" ">
   <subfield code="a">Η ύλη διαρθρώνεται σε τέσσερα μέρη. Το πρώτο πραγματεύεται το θέμα της ηθικής. Αρχικά ορίζεται η έννοια της ηθικής και η εξέλιξή της μέσα στους αιώνες. Μελετάμε την ηθική στην αρχαία Ελλάδα και Ρώμη, την ηθική του Χριστιανισμού, την προτεσταντική ηθική, την ηθική της Αναγέννησης, του κοινωνικού συμβολαίου, τη Μαρξιστική ηθική και τέλος την ηθική του Kant. Παρόλες τις αναφορές γύρω από την ηθική, στόχος δεν είναι η δημιουργία ενός φιλοσοφικού πονήματος για την ηθική και τους θεωρητικούς της. Άλλωστε δεν είμαι ειδικός. Το αντίθετο. Στόχος είναι η μελέτη της Ε.Κ.Ε. και οι επιδράσεις της στο ανθρώπινο δυναμικό. Στο δεύτερο μέρος μελετούμε την έννοια της εταιρικής διακυβέρνησης, όπως αυτή παρουσιάζεται τόσο σε διεθνές επίπεδο όσο και σε εθνικό επίπεδο και για αυτό το λόγο θα παρουσιάσουμε παραδείγματα εταιρικής διακυβέρνησης.Στο τρίτο μέρος το ενδιαφέρον επικεντρώνεται αποκλειστικά στην Ε.Κ.Ε. και στις επιπτώσεις που έχει στην ανάπτυξη και στην εξέλιξη του ανθρώπινου δυναμικού. Στο πρώτο κεφάλαιο ορίζεται η έννοια της Ε.Κ.Ε., στο δεύτερο παρουσιάζεται η θεσμική προώθηση της Ε.Κ.Ε. σε παγκόσμιο, περιφερειακό και τοπικό επίπεδο. Στο επόμενο κεφάλαιο παρουσιάζεται η Ε.Κ.Ε. στην Ελλάδα, τόσο θεσμικά όσο και οι οργανώσεις που έχουν δημιουργηθεί για την προώθησή της και συνεργάζονται στενά με τις αντίστοιχες ευρωπαϊκές. Στο τέταρτο κεφάλαιο παρουσιάζονται παραδείγματα από την εφαρμογή των δράσεων της Ε.Κ.Ε. στο ανθρώπινο δυναμικό. Τα επιλεγμένα παραδείγματα προσπαθούν να αποδείξουν την προβληματική που αναπτύσσεται σχετικά με τη χρησιμότητα ή μη της Ε.Κ.Ε. στον ιδιωτικό τομέα, σε όλα τα επίπεδα και ειδικά στο μέρος που αφορά στο ανθρώπινο δυναμικό. Στο επόμενο κεφάλαιο παρουσιάζεται έρευνα για τη γνώμη των πολιτών σχετικά με την Ε.Κ.Ε. και ειδικά για το ρόλο της στην ανάπτυξη του ανθρώπινου δυναμικού. Το τέταρτο μέρος ολοκληρώνει το βιβλίο με την παρουσίαση των συμπερασμάτων.</subfield>
  </datafield>
  <datafield tag="650" ind1=" " ind2="0">
   <subfield code="a">Social responsibility of business</subfield>
   <subfield code="8">2442</subfield>
  </datafield>
  <datafield tag="653" ind1=" " ind2=" ">
   <subfield code="a">Διοίκηση επιχειρήσεων</subfield>
  </datafield>
  <datafield tag="653" ind1=" " ind2=" ">
   <subfield code="a">Ανθρώπινο δυναμικό</subfield>
  </datafield>
  <datafield tag="653" ind1=" " ind2=" ">
   <subfield code="a">Επιχειρηματική δεοντολογία</subfield>
  </datafield>
  <datafield tag="653" ind1=" " ind2=" ">
   <subfield code="a">Εταιρική  κοινωνική ευθύνη</subfield>
  </datafield>
  <datafield tag="653" ind1=" " ind2=" ">
   <subfield code="a">Επιστήμη υπολογιστών/Πληροφορική</subfield>
   <subfield code="a">Κοινωνικά ζητήματα και επαγγελματικές πρακτικές</subfield>
   <subfield code="a">Επαγγελματική δεοντολογία</subfield>
  </datafield>
  <datafield tag="653" ind1=" " ind2=" ">
   <subfield code="a">Ηθική</subfield>
   <subfield code="a">Προοπτικές και επίπεδα ηθικής</subfield>
   <subfield code="a">Εφαρμοσμένη ηθική</subfield>
   <subfield code="a">Ηθική των επιχειρήσεων</subfield>
  </datafield>
  <datafield tag="653" ind1=" " ind2=" ">
   <subfield code="a">Οικονομικές επιστήμες</subfield>
   <subfield code="a">Διοίκηση επιχειρήσεων και οικονομικά των επιχειρήσεων, μάρκετινγκ, λογιστική</subfield>
   <subfield code="a">Οικονομικά του προσωπικού</subfield>
  </datafield>
  <datafield tag="653" ind1=" " ind2=" ">
   <subfield code="a">Οικονομικές επιστήμες</subfield>
   <subfield code="a">Διοίκηση επιχειρήσεων και οικονομικά των επιχειρήσεων, μάρκετινγκ, λογιστική</subfield>
   <subfield code="a">Διοίκηση επιχειρήσεων</subfield>
  </datafield>
  <datafield tag="700" ind1="1" ind2=" ">
   <subfield code="a">Καζαντζη, Βασιλική</subfield>
   <subfield code="e">Κριτικός αναγνώστης</subfield>
   <subfield code="8">1039</subfield>
  </datafield>
  <datafield tag="856" ind1="4" ind2="0">
   <subfield code="u">http://hdl.handle.net/11419/4801</subfield>
   <subfield code="z">Πλήρες Κείμενο - Full text</subfield>
  </datafield>
  <datafield tag="907" ind1=" " ind2=" ">
   <subfield code="a">.b25681205</subfield>
   <subfield code="b">12-06-18</subfield>
   <subfield code="c">29-07-16</subfield>
  </datafield>
  <datafield tag="949" ind1=" " ind2=" ">
   <subfield code="0">0</subfield>
   <subfield code="1">0</subfield>
   <subfield code="2">ddc</subfield>
   <subfield code="4">0</subfield>
   <subfield code="6">658_400000000000000_ΑΣΠ</subfield>
   <subfield code="7">0</subfield>
   <subfield code="8">KALL</subfield>
   <subfield code="8">879</subfield>
   <subfield code="d">2016-04-13</subfield>
   <subfield code="r">2016-04-13</subfield>
   <subfield code="w">2016-04-13</subfield>
   <subfield code="z">658.4 ΑΣΠ</subfield>
   <subfield code="o">SEAB KALLIPOS</subfield>
  </datafield>
  <datafield tag="998" ind1=" " ind2=" ">
   <subfield code="a">80</subfield>
   <subfield code="a">01</subfield>
   <subfield code="a">02</subfield>
   <subfield code="a">03</subfield>
   <subfield code="a">04</subfield>
   <subfield code="a">05</subfield>
   <subfield code="a">06</subfield>
   <subfield code="a">07</subfield>
   <subfield code="a">08</subfield>
   <subfield code="a">09</subfield>
   <subfield code="a">10</subfield>
   <subfield code="a">11</subfield>
   <subfield code="a">12</subfield>
   <subfield code="a">13</subfield>
   <subfield code="a">14</subfield>
   <subfield code="a">15</subfield>
   <subfield code="a">16</subfield>
   <subfield code="a">17</subfield>
   <subfield code="a">18</subfield>
   <subfield code="a">19</subfield>
   <subfield code="a">20</subfield>
   <subfield code="a">21</subfield>
   <subfield code="a">22</subfield>
   <subfield code="a">23</subfield>
   <subfield code="a">24</subfield>
   <subfield code="a">25</subfield>
   <subfield code="a">26</subfield>
   <subfield code="b">25-05-17</subfield>
   <subfield code="c">m</subfield>
   <subfield code="d">z  </subfield>
   <subfield code="e">-</subfield>
   <subfield code="f">gre</subfield>
   <subfield code="g">gr </subfield>
   <subfield code="h">0</subfield>
  </datafield>
  <datafield tag="942" ind1=" " ind2=" ">
   <subfield code="2">ddc</subfield>
   <subfield code="c">KALLIPOS</subfield>
  </datafield>
 </record>
</collection>
